Motivación / (Record no. 176921)

MARC details
000 -LEADER
campo de control de longitud fija 00683nam a22002295i 4500
001 - NÚMERO DE CONTROL
campo de control 176921
003 - IDENTIFICADOR DE NÚMERO DE CONTROL
campo de control ES-MaACL
005 - FECHA Y HORA DE LA ÚLTIMA TRANSACCIÓN
campo de control 20240209181325.0
008 - DATOS DE LONGITUD FIJA--INFORMACIÓN GENERAL
campo de control de longitud fija 110218s1971 sp a |||| | spa d
080 ## - NÚMERO DE LA CLASIFICACIÓN DECIMAL UNIVERSAL
Número de la Clasificación Decimal Universal 159.947.5
100 1# - ENTRADA PRINCIPAL--NOMBRE DE PERSONA
Nombre de persona Graumann, Carl F.
9 (RLIN) 145274
245 10 - MENCIÓN DEL TÍTULO
Título Motivación /
Mención de responsabilidad, etc. C. F. Graumann.
260 ## - PUBLICACIÓN, DISTRIBUCIÓN, ETC.
Lugar de publicación, distribución, etc. Madrid :
Nombre del editor, distribuidor, etc. Morata,
Fecha de publicación, distribución, etc. D. L. 1971.
300 ## - DESCRIPCIÓN FÍSICA
Extensión 183 p. :
Otras características físicas il. bl. y n. ;
Dimensiones 25 cm.
490 1# - MENCIÓN DE SERIE
Mención de serie Fundamentos de Psicología ;
Designación de volumen o secuencia 1
500 ## - NOTA GENERAL
Nota general Índice.
504 ## - NOTA DE BIBLIOGRAFÍA, ETC.
Nota de bibliografía, etc. Bibliografía: p.157-170.
650 04 - PUNTO DE ACCESO ADICIONAL DE MATERIA--TÉRMINO DE MATERIA
Término de materia o nombre geográfico como elemento de entrada Motivación.
9 (RLIN) 15202
830 0# - PUNTO DE ACCESO ADICIONAL DE SERIE-TÍTULO UNIFORME
Título uniforme Fundamentos de psicología
Designación de volumen o secuencia 1
9 (RLIN) 190304
852 ## - LOCALIZACIÓN
Ubicación ES-MaACL
Número de control de estantería E-14361
Encuadernación Olim P-1665
Holdings
Estatus retirado Estado de pérdida Estado de daño No para préstamo Biblioteca de origen Biblioteca actual Ubicación en estantería Fecha de adquisición Fuente de adquisición Total de préstamos Signatura topográfica completa Código de barras Visto por última vez Precio de reemplazo Tipo de ítem Koha
        Biblioteca del Ateneo de Madrid Biblioteca del Ateneo de Madrid Depósito 2 18/02/2011     E-14361 1185821 23/02/2023 23/02/2023 Libro impreso